Bezdrôtová komunikácia a mobilné siete diplomová práca

Gespeichert in:
Bibliographische Detailangaben
1. Verfasser: Tvrdoň, Michal
Körperschaft: Fakulta hospodárskej informatiky EU. Katedra aplikovanej informatiky
Weitere Verfasser: Závodný, Peter
Format: Buch
Sprache:Slowakisch
Veröffentlicht: Bratislava 2014
Tags: Tag hinzufügen
Keine Tags, Fügen Sie das erste Tag hinzu!

MARC

LEADER 00000nbm a2200000 4500
001 0188501
005 20221025114645.7
041 0 |a slo 
044 |a SK 
245 1 0 |a Bezdrôtová komunikácia a mobilné siete  |b diplomová práca  |c Michal Tvrdoň ; školiteľ: Peter Závodný 
264 1 |a Bratislava  |c 2014 
300 |a 68 s. 
100 1 |a Tvrdoň, Michal 
700 1 |a Závodný, Peter 
710 2 |a Fakulta hospodárskej informatiky EU. Katedra aplikovanej informatiky